Goya, Saturno y melancolía : estudios sobre el arte de Goya /

שמור ב:
מידע ביבליוגרפי
מחבר ראשי: Nordström, Folke (autor)
פורמט: ספר
שפה:ספרדית
יצא לאור: Madrid, España : Visor, 1989, c1989
סדרה:(La Balsa de la Medusa ; 16)
נושאים:
תגים: הוספת תג
אין תגיות, היה/י הראשונ/ה לתייג את הרשומה!

MARC

LEADER 00000nam^a2200000^a^4500
001 000121904
005 20250521000000.0
009 20260310094445.099
020 |a 84-7774-516-1 
037 |a Acervo ITESO - Biblioteca 
041 |a ESP 
082 |a 759. 6  |b NOR 
100 |a Nordström, Folke  |e (autor) 
245 1 0 |a Goya, Saturno y melancolía :  |b estudios sobre el arte de Goya /  |c F. Nordström ; tr. por Carmen Santos. 
264 4 |a Madrid, España :  |b Visor,  |c 1989, c1989 
300 |a 284 p. 
336 |a texto  |b txt  |2 rdacontenido 
337 |a sin mediación  |b n  |2 rdamedio 
338 |a volumen  |b nc  |2 rdasoporte 
440 3 |a (La Balsa de la Medusa ;  |v 16) 
500 |a Traducción de: Goya, Saturn and Melancholy. Studies in the Art of Goya 
545 0 |a Francisco de Goya (1746-1828), creador de una obra fuertemente anclada en el espíritu de la Ilustración y, a la vez, calificado como el primer pintor moderno. Su estética expresa la transición pictórica del siglo XVIII al XIX. Es autor de una obra que combina una gran calidad e innovación estética, con un fuerte sentido crítico de su época, al punto que algunas de sus series (Los desastres de la guerra y Los levantamientos del 2 de mayo), pueden ser considerados como verdaderos testimonios del momento. Le pertenecen títulos tan emblemáticos del arte universal como La maja desnuda y La maja vestida, El quitasol, Los zancos, La familia de Carlos IV, las Pinturas negras, El guitarrista ciego y La lechera de Burdeos, por citar unos pocos. 
649 |a XX 
650 |a Pintores Españoles 
650 |a Artistas Españoles 
650 |a Ilustración (Filosofía) -  |z España 
650 |a Pintura Neoclásica -  |x Historia y Crítica 
650 |a Pintura Moderna -  |x Historia y Crítica 
650 |a Pintura Española -  |x Historia y Crítica 
650 |a Pintura Española -  |x Exposiciones 
650 |a Arte Neoclásico -  |x Historia y Crítica 
650 |a Arte Moderno -  |x Historia y Crítica 
650 |a Arte Español -  |x Historia y Crítica 
650 |a Arte Español -  |x Exposiciones 
650 |a Goya, Francisco de -  |x Tema Principal 
910 |a Fondo General 
920 |a Impresos - Libros 
930 |a Reserva Especial 
905 |a 103 
901 |a 0500056192  |b IT1  |c REE  |u 20250521 
902 |a https://opac.biblio.iteso.mx/vufind/Record/000121904